000 00513nam a2200145 4500
999 _c512008
_d512008
008 191025b ||||| |||| 00| 0 eng d
100 _aIslam, Iyanatul
_912648
245 _aGrowth, new technology and the future of work: International evidence and implications for India
260 _bIndian Journal of Labour Economics
300 _a62(1), Jan-Mar, 2019: p.31-53.
650 _aEconomic growth
_912649
773 _aIndian Journal of Labour Economics
906 _aEconomic development
942 _2ddc
_cAR